| 000 | 03379namaa22004211i 4500 | ||
|---|---|---|---|
| 003 | OSt | ||
| 005 | 20260217140613.0 | ||
| 008 | 250827s2024 ua a|||frm||| 000 0 eng d | ||
| 040 |
_aEG-GICUC _bara _cEG-GICUC _dEG-GICUC _erda |
||
| 041 | 0 |
_aara _bara _beng |
|
| 049 | _aإيداع | ||
| 082 | 0 | 4 | _a330.121 |
| 092 |
_a330.121 _221 |
||
| 097 | _aدكتوراه | ||
| 099 | _aCai01.06.04.Ph.D.2024.خا.م | ||
| 100 | 0 |
_a،خالد الأسود النغيص كميخ العازمي _eإعداد. |
|
| 245 | 1 | 0 |
_aمعاملات البنوك الإسلامية في مصر والأردن والكويت الاختلاف والاتفاق : _bدراسة فقهية مقارنة / _cإعداد خالد الأسود النغيص كميخ العازمي؛ إشراف أ.د/ علي عبد القادر عثمان رمضان. |
| 246 | 1 | 5 |
_aTransactions of islamic banks in egypt, jordan and kuwait difference and agreement : _bA comparative jurisprudential study / |
| 264 | 0 | _c2024. | |
| 300 |
_a308 صفحة : _bإيضاحيات ؛ _c30 سم. + _eCD. |
||
| 336 |
_atext _2rda content |
||
| 337 |
_aUnmediated _2rdamedia |
||
| 338 |
_avolume _2rdacarrier |
||
| 502 | _aأطروحة (دكتوراه)-جامعة القاهرة، 2024. | ||
| 504 | _aببليوجرافيا: صفحات 280-302. | ||
| 520 | _aهذه دراسة يبين فيها الباحث الأحكام الفقهية لمعاملات البنوك الإسلامية، ثم يخص بالذكر أحكام معاملات البنوك الإسلامية في مصر والأردن والكويت، ويبين ما بينها من اتفاق واختلاف. وقد تبين للباحث أنها متفقة على معظم المعاملات المالية و تختلف فيما بينها في بعض المعاملات قد أوضحها الباحث. وقد اتبع الباحث في هذه الدراسة المنهج الاستقرائي، والتحليلي، والاستنباطي . | ||
| 520 | _aThis is a study in which the researcher explains the jurisprudential provisions for Islamic bank transactions, then mentions the provisions for Islamic bank transactions in Egypt, Jordan, and Kuwait, and shows the agreement and disagreement between them. It became clear to the researcher that they agree on most financial transactions, but they differ among themselves in some transactions, which the researcher explained. In this study, the researcher followed the inductive, analytical, and deductive approaches. | ||
| 530 | _aصدر أيضًا كقرص مدمج. | ||
| 546 | _aالنص بالعربية والملخص باللغة الإنجليزية والعربية. | ||
| 650 | 7 |
_aالبنوك الاسلامية _2qrmak |
|
| 650 | 7 | _aالاقتصاد الاسلامى | |
| 653 | 0 |
_aمعاملات البنوك الإسلامية _aالمرابحة للآمر بالشراء _aالإجارة المنتهية بالتمليك |
|
| 700 | 0 |
_aعلي عبد القادر عثمان رمضان _eمشرف أطروحة. |
|
| 900 |
_b01-01-2024 _cعلي عبد القادر عثمان رمضان _dحسين عبد الغني سمرة _dصلاح الدِّين فهمي محمود _Uجامعة القاهرة _Fكلية دار العلوم _Dقسم الشريعة الإسلامية |
||
| 905 |
_aSara _eAfaf |
||
| 942 |
_2ddc _cTH _e21 _n0 |
||
| 999 | _c177498 | ||